<?xml version="1.0" encoding="UTF-8"?>
<collection xmlns="http://www.loc.gov/MARC21/slim">
  <record>
    <leader>00000nam  2200000   4500</leader>
    <controlfield tag="001">INLIS000000000015629</controlfield>
    <controlfield tag="005">20230622093716</controlfield>
    <datafield tag="035" ind1="#" ind2="#">
      <subfield code="a">0010-0623000030</subfield>
    </datafield>
    <datafield tag="245" ind1="1" ind2="#">
      <subfield code="a">Research &amp; Development Pusat Hasil Kajian, Penelitian dan Jurnal Daerah (PUSAKA JUARA) Bidang Penelitian dan Pengembangan BAPPEDA LITBANG Kota Balikpapan /</subfield>
      <subfield code="c">ALIH JANU PUTRA,S.STP</subfield>
    </datafield>
    <datafield tag="100" ind1="1" ind2="#">
      <subfield code="a">PUTRA, Alih Janu</subfield>
    </datafield>
    <datafield tag="250" ind1="#" ind2="#">
      <subfield code="a">1</subfield>
    </datafield>
    <datafield tag="300" ind1="#" ind2="#">
      <subfield code="a">50 halaman ; lampiran :</subfield>
      <subfield code="b">ilustrasi ;</subfield>
      <subfield code="c">30 cm</subfield>
    </datafield>
    <datafield tag="260" ind1="#" ind2="#">
      <subfield code="a">Samarinda :</subfield>
      <subfield code="b">Puslatbang KDOD,</subfield>
      <subfield code="c">2023</subfield>
    </datafield>
    <datafield tag="084" ind1="#" ind2="#">
      <subfield code="a">PKA 167 2023</subfield>
    </datafield>
    <datafield tag="650" ind1="#" ind2="4">
      <subfield code="a">Proyek Perubahan</subfield>
    </datafield>
    <datafield tag="650" ind1="#" ind2="4">
      <subfield code="a">Administrator</subfield>
    </datafield>
    <datafield tag="650" ind1="#" ind2="4">
      <subfield code="a">inovasi pemerintah</subfield>
    </datafield>
    <datafield tag="650" ind1="#" ind2="4">
      <subfield code="a">sistem informasi</subfield>
    </datafield>
    <datafield tag="650" ind1="#" ind2="4">
      <subfield code="a">media sosial</subfield>
    </datafield>
    <datafield tag="650" ind1="#" ind2="4">
      <subfield code="a">media informasi</subfield>
    </datafield>
    <datafield tag="650" ind1="#" ind2="4">
      <subfield code="a">hasil kajian</subfield>
    </datafield>
    <datafield tag="520" ind1="#" ind2="#">
      <subfield code="a">"Proyek perubahan ini menjelaskan Tidak adanya platform penyebar luasan informasi hasil kajian penelitian berbasis online, secara 2 arah yang bisa dimanfaatkan baik pemerintah kota dan knowledge Producer. Inovasi yang dilakukan adalah Pembangunan platform sebagai sarana penyimpanan dan&#13;
penyebarluasan hasil kajian dan penelitian serta Pembentukan Tim Jaringan Peneliti tingkat Kota sehingga proses perencanaan pembangunan telah selaras dengan hasil penelitian dan diharapkan dapat meminimalisir kesalahan dalam pengambilan keputusan/ kebijakan."</subfield>
    </datafield>
    <datafield tag="500" ind1="#" ind2="#">
      <subfield code="a">Coach : Dr. Fajar Iswahyudi, SE., MPA &#13;
Penguji : Dr. Muhammad Aswad, M.Si&#13;
Mentor : Murni, S.T</subfield>
    </datafield>
    <datafield tag="990" ind1="#" ind2="#">
      <subfield code="a">PKA/167/2023</subfield>
    </datafield>
  </record>
</collection>
